Statistiques concernant Joueurs de l'OM (finale européenne de 1993)

Cliquez ici pour prendre le quiz!

Statistiques générales

  • Ce quiz a été pris 215 fois
  • Le résultat moyen est 9 sur 14

Statistiques - réponses

PosteNationalitéNom% Correct
MFrançaisDidier Deschamps
94%
GFrançaisFabien Barthez
93%
DCFrançaisBasile Boli
92%
AGhanéenAbedi Pele
86%
AAllemandRudi Voller
83%
DCFrançaisMarcel Desailly
76%
DGFrançaisEric Di Meco
73%
EntraineurBelgeRaymond Goethals
59%
ACroateAlen Boksic
54%
MFrançaisFranck Sauzée
51%
DDFrançaisJocelyn Angloma
48%
MFrançaisJean-Jacques Eydelie
38%
M (remplaçant)FrançaisJean-Philippe Durand
29%
M (remplaçant)FrançaisJean-Christophe Thomas
16%

Distribution des résultats

Percentile par nombre de réponses

% des personnes avec chaque résultat

Votre développement - résultats

Vous n’avez pas pris ce quiz